000 00567nam#a22002175a#4500
001 2604
245 1 0 _aMemorias del fuego 2 :
_blas caras y las máscaras /
_cEduardo Galeano.
250 _a1ª edic.
260 _aBuenos Aires :
_bSiglo Veintiuno Editores,
_c2015.
300 _a376 p. ;
_c21 cm.
020 _a9789876295642
100 1 _aGaleano, Eduardo.
080 _a82
084 _aG 18
653 _aNarrativa
040 _aAR-ClEAG
_cAR-ClEAG
008 151217s2015####ag############000#0#und#d
005 20241107184750.0
003 AR-ClEAG
942 _cBK
999 _c2604
_d2604
980 _62
_aEvangelina Gallicchio
_82
_gEvangelina Gallicchio